[Event "XLV Sevilla Open 2020"]
[Site "Sevilla"]
[Date "2020.01.13"]
[Round "4.13"]
[White "Gutierrez Valero, Mario"]
[Black "Das, Arghyadip"]
[Result "0-1"]
[WhiteElo "2260"]
[BlackElo "2451"]
[Annotator "TA"]
[PlyCount "94"]
[EventDate "2020.01.05"]
[EventType "swiss"]
[EventCountry "ESP"]
[SourceTitle "playchess.com"]
[Source "ChessBase"]
[SourceQuality "1"]

{[%evp 11,94,41,38,20,36,-56,-60,-30,-57,-108,-96,-83,-53,-109,-102,-191,-186,-170,-93,-85,-105,-119,-110,-110,-112,-96,-110,-110,-109,-84,-69,-114,-64,-135,-130,-201,-196,-189,-183,-154,-126,-126,-124,-116,-110,-129,-63,-86,-69,-77,-76,-175,-183,-180,-147,-153,-147,-475,-475,-485,-236,-530,-522,-507,-492,-560,-493,-460,-360,-589,-582,-1508,-637,-862,-704,-1429,-474,-977,-487,-1405,-1041,-29973,-4738,-29978,-29970]} 1. d4 e6 2. c4 Nf6 3. Nf3 d5 4. g3 dxc4 5. Bg2 b5 6. a4 c6 7. axb5 {E04: Open Catalan: 5 Nf3} (7. O-O Bb7 8. Ne5 a6 9. Nc3 Nd5 10. e4 Nxc3 11. bxc3 Be7 12. Rb1 Qc8 13. Qg4 g6 14. f4 Nd7 15. f5 Nxe5 16. dxe5 h5 17. Qf3 exf5 18. exf5 Qxf5 19. Qxc6+ Bxc6 20. Bxc6+ {½-½ (78) Inarkiev,E (2689)-Piorun,K (2651) Katowice 2017}) 7... cxb5 8. Nc3 (8. Ne5 $14 Nd5 9. O-O) 8... Qb6 $146 ({Predecessor:} 8... Bb4 9. Nd2 Bxc3 10. Bxa8 Bxd4 11. Nf3 Bc5 12. Qxd8+ Kxd8 13. Ne5 Ke7 14. O-O Rd8 {½-½ (55) Pham,C (2344)-Nguyen,H (2279) Ho Chi Minh City 2013}) 9. O-O {Black is slightly better.} Bb7 10. Re1 (10. b3 $15) 10... Bb4 11. e4 O-O 12. Ne5 (12. Ng5 $15) 12... Nfd7 13. Be3 (13. Nf3 $17) 13... Nxe5 $1 $19 14. dxe5 Bc5 (14... Qc6 $1 $19 15. Qg4 Kh8) 15. Bxc5 $17 Qxc5 16. Qd6 Qxd6 17. exd6 {[#]} a6 $1 18. e5 Bxg2 19. Kxg2 {With the idea Nxb5.} Nd7 20. f4 Nc5 21. Re3 f5 22. exf6 (22. Kf3 $15) 22... gxf6 23. f5 (23. Rd1 $17) 23... Rad8 $19 ({But not} 23... exf5 24. Re7 $15) 24. Rd1 exf5 25. Rd5 Ne4 26. Nxe4 fxe4 27. Rxe4 $17 {[%mdl 4096] Endgame KRR-KRR} Rfe8 28. Kf3 Kf8 (28... Rxe4 $17 29. Kxe4 Kf7) 29. Rf4 Re6 30. d7 Ke7 31. Rh4 {[#]} (31. Rfd4 $17) 31... Rd6 $1 $19 {[%cal Rd6d5]} 32. Rxh7+ Ke6 33. Rxd6+ Kxd6 $17 {KR-KR} 34. Ke4 $2 {[%mdl 8192]} (34. Rh6 $17 {is a better chance.}) 34... Rxd7 $19 35. Rh6 Ke7 (35... Kc5 $142 36. Rxf6 Rd2 {[%mdl 64] Double Attack}) 36. g4 $2 (36. Rh7+ {was the only chance.} Ke6 37. Rxd7 Kxd7 38. Kd5) 36... Rd2 37. Rh7+ Ke6 38. Ra7 Rxb2 39. Rxa6+ Kf7 40. h4 $2 (40. Ra7+ {keeps fighting.} Ke6 41. Ra6+ Ke7 42. h4) 40... c3 41. h5 b4 (41... c2 $142 42. Ra7+ Kg8) 42. Ra7+ Ke6 43. Ra6+ Ke7 (43... Kd7 $142 {aiming for ...c2.} 44. Ra7+ Kd6 45. Ra6+ Kc5) 44. Ra7+ (44. Rc6 $142 Rg2 45. Kd3) 44... Kd8 (44... Kd6 $142 {White must now prevent ...c2.} 45. Ra6+ Kc5 46. Rxf6 b3) 45. h6 (45. Ra1 $142 Ke7 46. h6) 45... Rh2 46. h7 c2 47. Ra2 b3 {Accuracy: White = 15%, Black = 64%.} 0-1

[Event "XLV Sevilla Open 2020"]
[Site "Sevilla"]
[Date "2020.01.13"]
[Round "4.14"]
[White "Panjwani, Raja"]
[Black "Hari Charan Sai Kalluri"]
[Result "1-0"]
[WhiteElo "2444"]
[BlackElo "1836"]
[Annotator "TA"]
[PlyCount "113"]
[EventDate "2020.01.05"]
[EventType "swiss"]
[EventCountry "ESP"]
[SourceTitle "playchess.com"]
[Source "ChessBase"]
[SourceQuality "1"]

{[%evp 18,113,16,28,31,25,39,21,24,16,35,33,47,50,61,61,61,61,61,61,61,61,61,61,87,60,68,68,68,68,68,68,68,68,68,68,143,68,70,70,70,70,75,67,67,67,67,28,47,47,70,70,71,75,221,70,76,72,87,85,110,80,72,72,72,72,72,72,90,72,104,104,328,330,341,119,475,475,468,470,446,425,699,698,647,654,5385,5389,6170,6103,5365,5365,29969,29970,29958,29959,6041,6359]} 1. Nf3 d5 2. g3 c6 3. Bg2 Bg4 4. O-O Nd7 5. d4 Ngf6 6. Nbd2 e6 7. Re1 Bd6 8. e4 dxe4 9. Nxe4 Nxe4 10. Rxe4 Nf6 {D02: 1 d4 d5 2 Nf3 sidelines, including 2...Nf6 3 g3 and 2...Nf6 3 Bf4} (10... Bh5 11. d5 Nf6 12. Bg5 Bg6 13. Re1 cxd5 14. Bxf6 gxf6 15. Qxd5 Qb6 16. Nd2 O-O 17. Qxb7 Qxb7 18. Bxb7 {½-½ (25) Artemiev,V (2697)-Lysyj,I (2618) Moscow 2018}) 11. Re1 h6 12. c3 O-O {The position is equal.} 13. Qb3 Qc7 14. Ne5 Bf5 15. Nc4 b5 $146 ({Predecessor:} 15... b6 16. a4 Nd5 17. Nxd6 Qxd6 18. Bd2 {1-0 (43) Zagorskis,D (2509)-Rombaldoni,D (2436) Dresden 2008}) 16. Nxd6 Qxd6 17. a4 {[%cal Ba2a4,Ba4a5][%mdl 32]} a6 18. Bf4 Qd7 19. Qa3 Nd5 20. Bd6 Rfc8 21. a5 $36 {[%mdl 2048] Black is under pressure.} Ra7 22. Bc5 Rb7 23. Qb3 Rcb8 24. Qd1 Nf6 25. h3 Qc7 26. f4 Rd8 ({Better is} 26... Rc8 $14) 27. Qf3 (27. g4 $16 Bh7 28. Bb6 Rxb6 29. axb6 Qxb6 30. Qf3) 27... Nd5 28. g4 Bh7 29. Re5 Rbb8 30. b4 Qd7 31. Rae1 Re8 32. h4 f6 33. R5e2 Kf7 34. Rf2 Rbc8 35. Bf1 Qc7 {[#]} (35... Kg8 $16 {is a better defense.}) 36. Be2 $2 ({White must play} 36. c4 $1 $18) 36... Kg8 $14 37. Bd1 Qf7 38. Bb3 Rcd8 39. Rfe2 f5 40. g5 Bg6 {Black wants to play ...Bh5.} 41. Qg3 {Black must now prevent gxh6.} Bh5 42. Re5 Bg4 43. Kf2 Qd7 44. h5 Bxh5 $2 (44... Qf7 $16) 45. gxh6 $18 {aiming for Rxe6!} g6 46. c4 $2 (46. Bxd5 $18 {has better winning chances.} cxd5 47. Qe3) 46... Nf6 $2 {[%mdl 8192]} (46... bxc4 $16 {is more resistant.} 47. Bxc4 Kh7) 47. cxb5 Ng4+ 48. Kg1 Nxe5 49. Rxe5 cxb5 (49... Kh7 $142 50. bxa6 Ra8) 50. Qe3 Kh7 51. Bxe6 Rxe6 52. Rxe6 Kxh6 53. Be7 Qxd4 54. Bg5+ Kh7 55. Re7+ Kg8 {[#]} 56. Re8+ $1 {[%mdl 576] Double Attack} Kf7 (56... Rxe8 57. Qxd4) 57. Bxd8 {Accuracy: White = 61%, Black = 39%.} 1-0

[Event "XLV Sevilla Open 2020"]
[Site "Sevilla"]
[Date "2020.01.13"]
[Round "4.15"]
[White "Perez Garcia, Roberto"]
[Black "Chen, Qi b"]
[Result "0-1"]
[WhiteElo "2057"]
[BlackElo "2432"]
[Annotator "TA"]
[PlyCount "52"]
[EventDate "2020.01.05"]
[EventType "swiss"]
[EventCountry "ESP"]
[SourceTitle "playchess.com"]
[Source "ChessBase"]
[SourceQuality "1"]

{[%evp 9,52,-10,-10,-10,-10,-9,0,0,0,-9,27,0,0,0,0,-42,-46,-54,-42,-114,-98,-112,-106,-300,-300,-500,-481,-464,-391,-473,-473,-466,-455,-512,-512,-611,-610,-566,-508,-497,-505,-544,-543,-633,-636]} 1. e4 c5 2. Nc3 d6 3. d4 cxd4 4. Qxd4 Nf6 5. b3 Nc6 6. Qd2 {B23: Closed Sicilian: Lines without g3} e6 7. Bb2 a6 8. O-O-O {The position is equal.} b5 {[%cal Bb7b5,Bb5b4][%mdl 32]} 9. f3 h5 10. g3 $146 ({Predecessor:} 10. Nh3 Be7 11. Ng5 {1-0 (31) Carlsen,M (2843)-Wojtaszek,R (2744) Shamkir 2018}) 10... Be7 11. Kb1 Bd7 12. Bg2 b4 13. Na4 Na5 $1 14. f4 {[#]} ({But not} 14. Qxb4 Rb8 $17) ({White should play} 14. e5 $15 dxe5 15. Qe2) 14... Bxa4 $1 $17 15. e5 {[#]} dxe5 $1 {Hoping for ...Bc6.} 16. Bxa8 $2 (16. bxa4 $17 Qxd2 17. Rxd2) (16. Bxe5 Qxd2) 16... Qxa8 $19 17. fxe5 $2 (17. Ne2 Bc6 18. Rhf1) 17... Ne4 ({Not} 17... Qxh1 18. exf6 gxf6 19. bxa4 $17) 18. Qe1 Bc6 19. Ne2 {[#]} Nf2 $1 {[%mdl 512] Black is clearly winning.} 20. Qxf2 {Strongly threatening Rhf1.} Bxh1 21. Qb6 Bf3 22. Qxa5 Bxe2 23. Re1 Bb5 24. Qc7 Qd8 25. Qb7 O-O 26. Qf3 {[#]} Qd2 $1 {Accuracy: White = 44%, Black = 68%.} 0-1

[Event "XLV Sevilla Open 2020"]
[Site "Sevilla"]
[Date "2020.01.13"]
[Round "4.16"]
[White "Pridorozhni, Aleksei"]
[Black "Jimenez Morales, Francisco"]
[Result "1-0"]
[WhiteElo "2601"]
[BlackElo "2080"]
[Annotator "TA"]
[PlyCount "93"]
[EventDate "2020.01.05"]
[EventType "swiss"]
[EventCountry "ESP"]
[SourceTitle "playchess.com"]
[Source "ChessBase"]
[SourceQuality "1"]

{[%evp 9,93,29,35,20,45,11,23,0,-8,-15,-14,-17,-17,-12,-13,-169,-186,-177,-166,-175,-159,-227,-219,-216,-81,-68,-79,-82,-43,-41,-48,-47,-54,-50,-54,-37,-56,-90,-94,-87,-58,-68,-67,-76,-36,-121,-122,-241,-235,-358,-35,-100,-22,-216,187,134,245,186,198,202,215,182,270,262,237,258,633,625,625,610,29983,462,797,797,786,786,740,762,757,754,706,678,814,814,29995,29996]} 1. e4 c5 2. Nc3 e6 3. Nf3 a6 4. d4 cxd4 5. Nxd4 Qc7 6. Qd3 {B43: Sicilian: Kan Variation: 5 Nc3} (6. g3 Bb4 7. Bd2 Nf6 8. Bg2 O-O 9. O-O Bc5 10. Nb3 Be7 11. f4 d6 12. g4 b5 13. g5 Nfd7 14. a3 Bb7 15. Be3 Nc6 16. Qh5 {1-0 (43) Guseinov,G (2664)-Caruana,F (2828) chess.com INT 2019}) 6... Nf6 7. f4 d6 8. Qg3 {White has an edge.} Nbd7 9. Bd3 b5 10. a3 Bb7 11. O-O g6 $146 ({Predecessor:} 11... h5 12. Kh1 h4 13. Qh3 Be7 {1-0 (51) Vergara Jofre,F (2114)-Soza de la Carrera,J (2252) Antofagasta 2016}) 12. f5 $2 (12. Nb3 $11 {and White has nothing to worry.}) 12... gxf5 $19 13. Qe1 Rg8 14. Nf3 Ne5 15. Bf4 (15. Kh1 $17) 15... Nxf3+ 16. Rxf3 e5 (16... Qc6 $19 {[%cal Rf5e4] is more deadly.} 17. Be2 Nxe4 18. Nxe4 Qxe4) 17. Bg3 $17 f4 18. Bh4 Be7 19. Bxf6 Bxf6 20. Nd5 Qc5+ 21. Kh1 Bd8 22. b4 Qc8 23. a4 bxa4 $40 {[%mdl 128] Black has strong attack.} 24. Rxa4 Qg4 {[%csl Gg8][%cal Rg4g2]} 25. Qe2 Kf8 26. Bc4 f5 {...Rc8 is the strong threat.} 27. h3 (27. Qf1 $1 $15) 27... Qg5 $1 {Strongly threatening ...fxe4.} 28. exf5 (28. Rf2 $17 {was necessary.}) 28... Rc8 (28... Qxf5 29. Nxf4 exf4 30. Bxg8 $17) 29. Bb3 (29. Nxf4 {is the only way for White.} exf4 30. Bxg8 Qxg8 31. Rxa6) 29... Qxf5 $2 (29... e4 $1 $19 {[%cal Re4f3]} 30. Rf2 f3) 30. Ra2 (30. Rxa6 $15 Bxa6 31. Qxa6) 30... Rg3 (30... Rg6 $17 {With the idea ...Kg7.} 31. Ra1 Bh4) 31. Ra1 $2 {[#]} (31. Rxg3 $11 fxg3 32. Ra1) 31... Bxd5 $4 {[%mdl 8192]} (31... Rc3 $1 $19 {[%cal Rc3f3][%mdl 512] and life is good for Black.} 32. Rxc3 (32. Nxc3 Bxf3) 32... Rxc3) 32. Rxg3 $18 Bf6 (32... Bf7 $16) 33. Rf1 ({But not} 33. Bxd5 $6 fxg3 34. Be4 (34. Qxa6 Rxc2 35. b5 Rf2 $16) 34... Qe6) 33... Bb7 34. Rg8+ Ke7 35. Rxc8 Qxh3+ (35... Qxc8 $142 36. Kg1 f3 37. Rxf3 (37. gxf3 Qxh3 38. Qg2 Qf5 $14) 37... Bxf3 38. Qxf3 Qd7) 36. Kg1 Qxc8 37. Rxf4 $1 Qc3 $2 (37... Qf8 38. Rc4 Qd8) 38. Rc4 $1 {[%cal Rc4c3]} Qa1+ 39. Kh2 {Threatening mate with Qd3.} Kd8 {Black hopes to continue with ...e4.} 40. Qg4 (40. Qf2 $142 e4 41. Qb6+ {[%mdl 64] Double Attack} Ke8 42. Qxb7 {[%mdl 64] Double Attack} Qe5+ 43. Kg1 $1 {[%mdl 512]} Qa1+ 44. Kf2 Bh4+ 45. g3 Qf6+ 46. Kg1 $1 {[%mdl 512]}) 40... d5 (40... e4 $142 41. Qg8+ {[%mdl 64] Double Attack} Kd7) 41. Qg8+ Kd7 42. Qf7+ Be7 {[#]} 43. Rh4 $1 {[%cal Rh4h7]} e4 44. Qf5+ Kd8 45. Rxh7 Bd6+ 46. g3 {[%csl Gh7][%cal Rf5d7]} Bc6 47. Qg5+ {Accuracy: White = 47%, Black = 38%.} 1-0

[Event "XLV Sevilla Open 2020"]
[Site "Sevilla"]
[Date "2020.01.13"]
[Round "4.17"]
[White "Pratyusha, Bodda"]
[Black "Soumya, Swaminathan"]
[Result "1/2-1/2"]
[WhiteElo "2267"]
[BlackElo "2384"]
[Annotator "TA"]
[PlyCount "88"]
[EventDate "2020.01.05"]
[EventType "swiss"]
[EventCountry "ESP"]
[SourceTitle "playchess.com"]
[Source "ChessBase"]
[SourceQuality "1"]

{[%evp 9,88,0,16,4,21,10,14,10,53,25,96,93,84,88,101,100,99,82,72,72,63,77,74,78,77,0,20,7,0,-27,-24,-26,-7,-29,0,-4,-5,-52,-41,-56,-39,-46,-39,-39,-41,-53,3,4,66,66,63,0,0,0,10,15,9,0,0,0,0,0,1,0,0,0,0,0,0,0,0,0,0,0,0,0,0,0,0,0,0]} 1. d4 Nf6 2. Bf4 g6 3. Nc3 d5 4. e3 Bg7 5. h4 h5 (5... c6 6. Be2 Qb6 7. Rb1 h5 8. Nf3 Bg4 9. Ne5 Bxe2 10. Qxe2 Nbd7 11. Qf3 Qa6 {0-1 (32) Karjakin,S (2750)-Yu,Y (2752) Saint Louis 2019}) 6. Nf3 {A45: Trompowsky Attack} O-O 7. Ne5 Nbd7 8. Qd2 $146 ({Predecessor:} 8. f3 c6 9. Qd2 Nxe5 10. Bxe5 b5 11. O-O-O {½-½ (28) Gatineau,Y (2363)-Bailet,P (2490) Chartres 2019}) 8... c5 9. O-O-O Nxe5 (9... cxd4 $11 10. exd4 Ne4 11. Nxe4 dxe4) 10. dxe5 $16 Ng4 11. f3 ({Don't play} 11. Qxd5 $6 Qxd5 12. Rxd5 Nxf2 $11) 11... Nxe5 12. Qxd5 Qxd5 13. Rxd5 (13. Nxd5 {with more complications.} e6 14. Nc7 Rb8 15. Bb5 a6 16. Be2) 13... Nd7 14. Bb5 Bxc3 15. bxc3 Nb6 16. Rxc5 Be6 17. g4 (17. Rc7 $16) 17... Rac8 18. Rxc8 Rxc8 19. Be2 hxg4 20. fxg4 Rxc3 21. h5 gxh5 22. gxh5 Bf5 23. Bd1 f6 24. Rf1 Be4 25. Bb8 a5 26. Rf4 Rc4 27. Kd2 Nd7 ({Black should play} 27... f5 $15 28. Ba7 Nd5) 28. c3 $11 {[#] Threatens to win with Bb3.} Kf8 ({Avoid the trap} 28... Nxb8 $2 29. Bb3 $18) (28... Bd5 $11 29. Rxc4 Bxc4) 29. Bb3 $14 Rc8 $1 30. Rxe4 (30. Ba7 $1 $14 Bh7 31. h6) 30... Nc5 $11 {The position is equal.} 31. Rd4 {Hoping for Ba7.} (31. Rc4 {is interesting.} Nxb3+ 32. axb3 Rxb8 33. Rc7 Kf7 34. c4) 31... Nxb3+ 32. axb3 {[#] And now Ba7 would win.} Rxb8 {[%mdl 4096] Endgame KR-KR} 33. Rd5 b5 34. Rd7 Ra8 35. Kc2 a4 36. h6 Kf7 37. b4 a3 38. Kb1 Rc8 39. h7 Kg7 40. Rxe7+ Kh8 41. Kc2 Ra8 $1 {Strongly threatening ...a2.} 42. Kb1 Rc8 43. Kc2 Ra8 $1 {...a2 is the strong threat.} 44. Kb1 Rc8 {Accuracy: White = 71%, Black = 55%.} 1/2-1/2

[Event "XLV Sevilla Open 2020"]
[Site "Sevilla"]
[Date "2020.01.14"]
[Round "5.1"]
[White "Gagare, Shardul"]
[Black "Grigoryan, Karen H."]
[Result "0-1"]
[WhiteElo "2481"]
[BlackElo "2632"]
[Annotator "TA"]
[PlyCount "96"]
[EventDate "2020.01.05"]
[EventType "swiss"]
[EventCountry "ESP"]
[SourceTitle "playchess.com"]
[Source "ChessBase"]
[SourceQuality "1"]

{[%evp 10,96,31,30,35,35,44,37,45,40,51,43,56,41,52,56,44,47,42,31,32,24,72,81,82,75,77,58,82,44,54,41,51,29,39,45,47,10,15,10,85,73,103,91,67,55,72,28,29,0,0,0,0,0,0,0,0,0,0,0,0,0,0,0,0,-13,-10,-10,0,-9,-8,-337,-313,-29973,-29974,-12845,-12831,-29996,-29991,-29991,-29991,-29991,-29992,-29993,-29994,-29994,-29992,-29996,-29995]} 1. e4 c5 2. Nf3 Nc6 3. Bb5 e6 4. O-O Nge7 5. d4 cxd4 6. Nxd4 Nxd4 $146 {B30: Sicilian: 2...Nc6 3 Bb5, lines without ...g6} (6... Qb6 7. Nxc6 bxc6 8. Bd3 Ng6 9. c4 Bc5 10. Nc3 Qc7 11. Kh1 e5 12. Na4 Bd4 13. c5 d6 14. Be3 dxc5 15. Nxc5 Bxb2 {0-1 (56) Adams,M (2712)-Adhiban,B (2668) Douglas 2018}) 7. Qxd4 a6 8. Be2 Nc6 {White is slightly better.} 9. Qc3 b5 10. a4 b4 11. Qg3 h5 12. h4 Be7 13. Bg5 Bxg5 14. hxg5 h4 15. Qe3 d6 16. Nd2 e5 17. c3 bxc3 18. bxc3 Be6 19. Nc4 Na5 20. Nb6 Rb8 21. Nd5 Bxd5 22. exd5 Nb3 23. Rab1 {Black should prevent f4.} Nc5 24. Rb4 Ra8 (24... a5 $11 {keeps the balance.} 25. Bb5+ Kf8) 25. Rfb1 e4 26. Qf4 O-O 27. Qxh4 a5 28. Rd4 Re8 29. f4 exf3 $1 30. Bxf3 Qe7 31. g6 {White wants to mate with Qh7+.} Qe3+ 32. Qf2 {And now gxf7+ would win.} fxg6 33. Qxe3 Rxe3 34. Rb6 Rd8 35. Rc4 Re1+ 36. Kh2 Kf7 37. Rxd6 {[%mdl 64] Remove Defender} Rxd6 38. Rxc5 $11 {[%mdl 4096] Endgame KRR-KRB} Kf6 39. c4 Ke5 {...Kf4 is the strong threat.} 40. Rxa5 $2 {[%mdl 8192] [#]} (40. Rc8 $11 {and White stays safe.} Ra1 41. c5 Rxd5 42. Re8+ Kd4 43. Bxd5 Kxd5 44. c6 {[%mdl 64] Decoy} Kxc6 45. Re6+ Kc5 46. Rxg6) 40... Kf4 $1 $19 41. c5 $2 (41. Ra7 $19 g5 42. Bh5 (42. Rf7+ $2 Rf6 $19)) 41... Rd8 42. Bh5 {[#]} Rh8 $1 {[%cal Rh8h5][%mdl 576] Pin} 43. g4 gxh5 {Black mates.} 44. Rb5 hxg4+ {[%mdl 64] Discovered Attack} 45. Kg2 Re2+ 46. Kf1 Rc2 {[%cal Rh8h1]} 47. Kg1 Re8 {[%cal Re8e1]} 48. Kf1 g3 {Accuracy: White = 47%, Black = 69%.} 0-1

[Event "XLV Sevilla Open 2020"]
[Site "Sevilla"]
[Date "2020.01.14"]
[Round "5.2"]
[White "Lu, Shanglei"]
[Black "Matamoros Franco, Carlos S."]
[Result "1-0"]
[WhiteElo "2611"]
[BlackElo "2487"]
[Annotator "TA"]
[PlyCount "43"]
[EventDate "2020.01.05"]
[EventType "swiss"]
[EventCountry "ESP"]
[SourceTitle "playchess.com"]
[Source "ChessBase"]
[SourceQuality "1"]

{[%evp 17,77,31,24,16,28,19,20,26,29,29,77,45,75,0,58,62,116,116,143,114,115,106,101,112,125,118,127,72,66,49,63,64,40,40,98,34,47,42,93,86,106,71,62,14,14,8,565,559,542,536,964,954,952,935,925,921,1238,1232,1221,1152,2391,2489]} 1. e4 e6 2. d4 d5 3. Nc3 Bb4 4. e5 Ne7 5. a3 Bxc3+ 6. bxc3 b6 7. Qg4 Ng6 8. h4 h5 9. Qg3 Ba6 10. Bg5 {C16: French: 3 Nc3 Bb4 4 e5: Lines without ...c5} Qd7 11. Bxa6 Nxa6 12. a4 {The position is equal.} Nb8 13. Ne2 {[#]} Qc6 $146 ({Predecessor:} 13... Nc6 14. Qf3 Nge7 15. Nf4 g6 16. Bf6 Rg8 17. Nh3 Na5 18. Ng5 Nf5 {½-½ (80) Stukopin,A (2592)-Matsenko,S (2542) Brownsville 2017}) 14. O-O Qc4 15. Qf3 (15. Rfe1 $16) 15... Nd7 ({Better is} 15... c5 $11) 16. Ng3 $14 f6 (16... Rc8 $14) 17. exf6 $16 gxf6 18. Rfe1 O-O-O 19. Rxe6 fxg5 20. Rxg6 gxh4 {[#]} 21. Nf5 $1 {Black must now prevent Rc6!} (21. Nxh5 $6 Rdf8 $11) 21... Rhe8 22. a5 {Played: Rg6-d6} 1-0

[Event "XLV Sevilla Open 2020"]
[Site "Sevilla"]
[Date "2020.01.14"]
[Round "5.3"]
[White "Alsina Leal, Daniel"]
[Black "Bernadskiy, Vitaliy"]
[Result "0-1"]
[WhiteElo "2465"]
[BlackElo "2588"]
[Annotator "TA"]
[PlyCount "66"]
[EventDate "2020.01.05"]
[EventType "swiss"]
[EventCountry "ESP"]
[SourceTitle "playchess.com"]
[Source "ChessBase"]
[SourceQuality "1"]

{[%evp 10,66,31,12,54,35,46,33,64,70,64,48,55,57,58,54,117,112,129,123,135,27,24,28,24,38,58,0,0,0,10,0,0,-62,0,0,0,0,0,-594,-589,-522,-588,-583,-582,-514,-505,-559,-559,-1133,-1136,-1054,-1041,-29966,-29968,-12598,-29968,-5110,-1162]} 1. e4 c5 2. c3 e6 3. d4 d5 4. exd5 exd5 5. Nf3 Nf6 6. Bg5 Be6 {B22: Sicilian: 2 c3} (6... Nc6 7. Bb5 Be7 8. O-O cxd4 9. Nxd4 Bd7 10. Nd2 Nxd4 11. Bxd7+ Nxd7 12. Bxe7 Qxe7 13. cxd4 O-O {½-½ (13) Pavasovic,D (2598)-Muzychuk,A (2540) Rogaska Slatina 2009}) 7. Bb5+ Nc6 8. O-O Qb6 {White is slightly better.} 9. Bxc6+ bxc6 $146 ({Predecessor:} 9... Qxc6 10. Ne5 Qb5 11. Nd2 cxd4 12. cxd4 Be7 13. b3 Rc8 14. Qb1 {½-½ (119) Pham Thi Ngoc,T (2097)-Do Thi Diem,H (1908) Ho Chi Minh City 2010}) 10. Bxf6 gxf6 11. dxc5 Qxb2 12. Nbd2 $1 {[%cal Bb1d2,Bd2b3,Bb3d4][%mdl 32]} Qxc3 {[#]} (12... Bxc5 $14 13. Nb3 Bb6) 13. Nb3 $1 $16 Bh6 (13... Bxc5 $2 14. Rc1 $18) 14. Nfd4 Rg8 15. Nxe6 (15. Qe2 $16) 15... fxe6 $11 16. Nd4 Qh3 $1 {[%csl Gg8][%cal Rh3g2]} (16... Qxc5 $2 17. Nxe6 Qc4 18. Qh5+ Rg6 19. Nc7+ Kf7 20. Nxa8 $18) 17. g3 Rc8 {[#]} 18. Re1 (18. Nxe6 $1 $14 {[%mdl 512]} Be3 (18... Qxe6 19. Re1) 19. Qf3 (19. fxe3 Rxg3+ 20. hxg3 Qxg3+ {[%mdl 64] Double Attack} 21. Kh1 Qh3+ {[%mdl 64] Double Attack} 22. Kg1 Qg3+ 23. Kh1 Qh3+ {[%mdl 64] Double Attack} 24. Kg1 Qg3+ $11) 19... Qxe6 20. Rae1 {[%mdl 64] Pin}) 18... e5 19. Rb1 {aiming for Qf3.} Bf8 20. Qc2 Qd7 21. Rb3 (21. f4 $11 e4 22. f5) 21... Rg4 ({Black should play} 21... Kf7 $15 22. Nf5 (22. Qxh7+ Rg7 $17) 22... Rg5) 22. f4 Kd8 $1 $36 {[%mdl 2048] Black has good play.} 23. Nf5 e4 {[%mdl 64] Overworked Piece} ({Not} 23... exf4 24. Nd4 $16) 24. Rxe4 $2 {[%mdl 8192]} (24. Nd4 $11 {and White stays safe.}) 24... dxe4 $19 25. Qxe4 {And now Rd3 would win.} Bxc5+ ({But not} 25... Qd1+ $2 26. Kg2 $18) 26. Kg2 {Black must now prevent Rd3.} Kc7 27. Rd3 Qf7 {Threatens to win with ...Re8.} 28. Rc3 Re8 29. Qf3 Qxa2+ 30. Kh3 {[#]} Re2 $1 31. Kxg4 {[#]} h5+ $1 {[%mdl 576] Decoy} 32. Kxh5 Qf7+ 33. Kg4 Qg6+ {Accuracy: White = 57%, Black = 48%.} (33... Rxh2 $142 34. Nh4 Qg8+ 35. Kf5 Qh7+ 36. Ng6 Rh5+ 37. Ke4 Qxg6+ 38. f5 Qe8+ 39. Kd3 Qd7+ {[%mdl 64] Double Attack} 40. Kc2 Rxf5) 0-1